[Event "Reykjavik Open 2026"]
[Site "Reykjavik ISL"]
[Date "2026.03.27"]
[Round "4.26"]
[White "Plaskan, Jure"]
[Black "Chen, Qi b"]
[Result "0-1"]
[BlackTitle "IM"]
[WhiteElo "2237"]
[BlackElo "2484"]
[WhiteFideId "14605252"]
[BlackFideId "8614733"]
[EventDate "2026.03.25"]

1. e4 c5 2. Nf3 e6 3. d4 cxd4 4. Nxd4 Nf6 5. Nc3 Bb4 6. e5 Nd5 7. Bd2 Nxc3 8.
bxc3 Bf8 9. Bd3 Na6 10. O-O Nc5 11. f4 g6 12. Qf3 d5 13. Nb3 Bd7 14. Be3 Rc8 15.
Bd4 Nxd3 16. cxd3 Ba3 17. Qf2 b6 18. Kh1 h5 19. Rae1 Ba4 20. Nd2 Qd7 21. Re3 Rc7
22. Rh3 Rg8 23. Nf3 Kd8 24. Ng5 Kc8 25. Rb1 Kb7 26. Nh7 Rgc8 27. Nf6 Qc6 28. f5
exf5 29. Nxd5 Qxd5 30. Bxb6 Rxc3 31. Bd4+ Ka8 32. Bxc3 Rxc3 33. Rh4 Qxd3 34.
Qf3+ Qxf3 35. gxf3 Bc6 36. Kg2 Bxf3+ 37. Kf2 Bg4 38. h3 Be7 0-1

[Event "Reykjavik Open 2026"]
[Site "Reykjavik ISL"]
[Date "2026.03.27"]
[Round "4.27"]
[White "Tsolakidou, Stavroula"]
[Black "Birkisson, Bardur Orn"]
[Result "1-0"]
[WhiteTitle "IM"]
[BlackTitle "FM"]
[WhiteElo "2479"]
[BlackElo "2207"]
[WhiteFideId "4264312"]
[BlackFideId "2310597"]
[EventDate "2026.03.25"]

1. e4 c6 2. d4 d5 3. exd5 cxd5 4. Nf3 Nc6 5. c3 e6 6. Bd3 Bd6 7. O-O Nge7 8. Re1
O-O 9. a4 Ng6 10. Na3 Bd7 11. Nc2 Qc7 12. Ne3 Nf4 13. Bf1 Rad8 14. g3 Ng6 15.
Bd2 Rfe8 16. Rc1 Bc8 17. b4 Kh8 18. Ng5 h6 19. Qh5 Kg8 20. Nf3 Nce7 21. Ng4 Nf5
22. Bd3 a6 23. Nge5 Nxe5 24. dxe5 Bf8 25. g4 Ne7 26. Qh3 d4 27. cxd4 Qd7 28. b5
axb5 29. Bxb5 Nc6 30. g5 h5 31. Qxh5 g6 32. Qg4 Qd5 33. Be3 Bd7 34. Nd2 Bg7 35.
Bc4 Qa5 36. Ne4 Ne7 37. Nf6+ Kf8 38. d5 Nf5 39. Nxe8 Kxe8 40. dxe6 fxe6 41. Bb3
Bf8 42. Rcd1 Rc8 43. Re2 Qc3 44. Ba2 Qa3 45. Qe4 Bc6 46. Qc4 Ng7 47. Red2 Be7
48. Bb3 Bd7 49. Qd3 Bc6 50. Qxg6+ Kf8 51. Bxe6 Be8 52. Qh6 1-0

[Event "Reykjavik Open 2026"]
[Site "Reykjavik ISL"]
[Date "2026.03.27"]
[Round "4.28"]
[White "Batsiashvili, Nino"]
[Black "Matsumura, Cocoro"]
[Result "1-0"]
[WhiteTitle "GM"]
[BlackTitle "CM"]
[WhiteElo "2472"]
[BlackElo "2202"]
[WhiteFideId "13602993"]
[BlackFideId "36087114"]
[EventDate "2026.03.25"]

1. d4 d5 2. c4 e6 3. Nf3 Nf6 4. Nc3 Be7 5. Bg5 h6 6. Bxf6 Bxf6 7. cxd5 exd5 8.
Qb3 c6 9. e3 Qb6 10. Qc2 Bf5 11. Qxf5 Qxb2 12. Nd1 Qxa1 13. Qc8+ Bd8 14. Bd3
Qxa2 15. Qxb7 Ba5+ 16. Kf1 O-O 17. g3 Rd8 18. Ne5 Nd7 19. Nxd7 Qd2 20. Ne5 Rf8
21. Qb1 Rfc8 22. Kg2 Bc7 23. Bh7+ Kf8 24. Bf5 Bxe5 25. Bxc8 Rxc8 26. dxe5 1-0

[Event "Reykjavik Open 2026"]
[Site "Reykjavik ISL"]
[Date "2026.03.27"]
[Round "4.29"]
[White "Vemparala, Nikash"]
[Black "Lavrencic, Matic"]
[Result "0-1"]
[WhiteTitle "CM"]
[BlackTitle "IM"]
[WhiteElo "2201"]
[BlackElo "2472"]
[WhiteFideId "30960967"]
[BlackFideId "14637847"]
[EventDate "2026.03.25"]

1. c4 e6 2. g3 d5 3. Bg2 d4 4. Nf3 Nc6 5. O-O Nh6 6. e3 Nf5 7. e4 Nfe7 8. e5 d3
9. Nc3 b6 10. b3 Bb7 11. Bb2 Nf5 12. a3 a5 13. Re1 Bc5 14. Ne4 Rb8 15. Nxc5 bxc5
16. Bc3 O-O 17. Rb1 h6 18. h4 Qd7 19. Kh2 Rfd8 20. g4 Nfd4 21. Nxd4 cxd4 22. Bb2
Ne7 23. h5 Bxg2 24. Kxg2 c5 25. Ba1 Rb6 26. b4 axb4 27. axb4 Rxb4 28. Rxb4 cxb4
29. Qf3 b3 30. Rb1 Nc6 31. Qe4 Na5 32. Qxd3 Qc6+ 33. Kg3 Nxc4 34. f4 Na5 35. Bc3
Qc4 36. Qxc4 Nxc4 37. Bb4 b2 38. d3 Rb8 39. dxc4 Rxb4 40. c5 Rb3+ 41. Kf2 Kf8
42. f5 Ke7 43. c6 Kd8 44. f6 gxf6 45. exf6 Kc7 46. Kg2 Kxc6 47. g5 hxg5 48. h6
Rb8 49. h7 Rh8 0-1

[Event "Reykjavik Open 2026"]
[Site "Reykjavik ISL"]
[Date "2026.03.27"]
[Round "4.30"]
[White "Agmanov, Zhandos"]
[Black "Birkisson, Bjorn Holm"]
[Result "1-0"]
[WhiteTitle "IM"]
[BlackTitle "CM"]
[WhiteElo "2463"]
[BlackElo "2200"]
[WhiteFideId "13708309"]
[BlackFideId "2310600"]
[EventDate "2026.03.25"]

1. e4 e5 2. Nf3 Nc6 3. Bc4 Nf6 4. d3 Be7 5. O-O O-O 6. Nc3 d6 7. a4 Be6 8. Nd5
Bxd5 9. exd5 Nb4 10. d4 e4 11. Nd2 Qc8 12. Re1 Qf5 13. Nf1 Ng4 14. Qe2 Bh4 15.
g3 Bf6 16. Rd1 e3 17. fxe3 Nxc2 18. Bd3 Nxd4 19. exd4 Bxd4+ 20. Be3 Qe5 21.
Bxh7+ Kxh7 22. Qd3+ f5 23. Qxd4 Qe8 24. Bf4 Qh5 25. Rac1 Rf7 26. Re1 g5 27. Bd2
Raf8 28. Re6 f4 29. Qe4+ Kg7 30. Bc3+ Nf6 31. Bxf6+ 1-0

[Event "Reykjavik Open 2026"]
[Site "Reykjavik ISL"]
[Date "2026.03.27"]
[Round "4.31"]
[White "Tutisani, Noe"]
[Black "Lyutsinger, Iren"]
[Result "1-0"]
[WhiteTitle "IM"]
[BlackTitle "FM"]
[WhiteElo "2454"]
[BlackElo "2182"]
[WhiteFideId "13602853"]
[BlackFideId "34425969"]
[EventDate "2026.03.25"]

1. e4 c5 2. Nc3 e6 3. Nf3 Nc6 4. d4 cxd4 5. Nxd4 Nf6 6. a3 Be7 7. Be2 O-O 8. Be3
d5 9. exd5 Nxd5 10. Nxd5 Qxd5 11. Bf3 Qa5+ 12. b4 Qc7 13. Nxc6 bxc6 14. Qd3 Bb7
15. O-O c5 16. Bxb7 Qxb7 17. b5 f5 18. Bf4 Bf6 19. Rae1 Qd5 20. Qxd5 exd5 21.
Re6 Rfd8 22. a4 Bc3 23. Ra6 Re8 24. g3 Be5 25. Bxe5 Rxe5 26. b6 Re7 27. Rb1 Rb7
28. Rb5 Kf7 29. a5 Ke7 30. Kg2 d4 31. Rxc5 axb6 32. Rxb6 Rxb6 33. axb6 Rb8 34.
Rb5 Rb7 35. Kf3 Kd6 36. Ke2 Kc6 37. Rxf5 Kxb6 38. Rd5 Rc7 39. Kd2 Rf7 40. f4 Rf6
41. Rxd4 Rh6 42. h4 Rg6 43. Rd3 1-0

[Event "Reykjavik Open 2026"]
[Site "Reykjavik ISL"]
[Date "2026.03.27"]
[Round "4.32"]
[White "Panchanathan, Magesh Chandran"]
[Black "ADU, Oladapo"]
[Result "1-0"]
[WhiteTitle "GM"]
[BlackTitle "IM"]
[WhiteElo "2440"]
[BlackElo "2173"]
[WhiteFideId "5007429"]
[BlackFideId "8500258"]
[EventDate "2026.03.25"]

1. e4 c5 2. Nf3 e6 3. c3 d5 4. exd5 Qxd5 5. d4 Nf6 6. Be2 Be7 7. O-O O-O 8. Be3
cxd4 9. Nxd4 Rd8 10. Qc2 Nc6 11. Bf3 Nxd4 12. Bxd4 Qb5 13. a4 Qa6 14. Qb3 Nd5
15. Re1 Bf6 16. Bxf6 Nxf6 17. Na3 Bd7 18. Bxb7 Rab8 19. Bxa6 Rxb3 20. Nc4 Kf8
21. Red1 Rdb8 22. Bb5 Bxb5 23. axb5 Nd5 24. Rxa7 R3xb5 25. g3 Rc5 26. Ne5 Nf6
27. Nxf7 Rd5 28. Rxd5 exd5 29. b4 d4 30. cxd4 Rxb4 31. Ng5 Rb6 32. d5 Nxd5 33.
Nxh7+ Kg8 34. Ng5 g6 35. h4 Nf6 36. Kg2 Ng4 37. Ra4 Nf6 38. Ra8+ Kg7 39. Ra7+
Kg8 40. Re7 Rb2 41. Ne4 Nd5 42. Rd7 Ne3+ 43. Kf3 Nc4 44. Kf4 Rb5 45. Rd8+ Kg7
46. Nd6 Nxd6 47. Rxd6 Rf5+ 48. Ke3 Re5+ 49. Kf3 Rf5+ 50. Kg2 Rf7 51. g4 Rb7 52.
Kg3 Rc7 53. f3 Rb7 54. Rd5 Rc7 55. h5 gxh5 56. Rxh5 Kg6 57. Rd5 Rc6 58. f4 Rb6
59. Kh4 Ra6 60. g5 Ra1 61. Rd6+ Kf7 62. Kg4 Rb1 63. Rd5 Rb7 64. f5 Rb8 65. g6+
Kf6 66. Rd6+ Kg7 67. Kg5 Kg8 68. Kh6 Kh8 69. f6 Kg8 70. Rd7 Ra8 71. Rg7+ Kh8 72.
Rh7+ Kg8 73. f7+ Kf8 74. Rh8+ Ke7 75. Rxa8 Ke6 76. f8=Q Ke5 77. Qb4 Kd5 78. Ra5+
Kc6 79. Qe7 Kb6 80. Qc5+ Kb7 81. Ra7+ 1-0

[Event "Reykjavik Open 2026"]
[Site "Reykjavik ISL"]
[Date "2026.03.27"]
[Round "4.33"]
[White "Mannion, Stephen R"]
[Black "Stefansson, Hannes"]
[Result "1/2-1/2"]
[WhiteTitle "IM"]
[BlackTitle "GM"]
[WhiteElo "2202"]
[BlackElo "2417"]
[WhiteFideId "2400111"]
[BlackFideId "2300087"]
[EventDate "2026.03.25"]

1. e4 c5 2. Nf3 Nc6 3. d4 cxd4 4. Nxd4 Nf6 5. Nc3 d6 6. Bg5 e6 7. Qd2 a6 8.
O-O-O Be7 9. Bxf6 gxf6 10. f4 Bd7 11. f5 Nxd4 12. Qxd4 Qa5 13. Kb1 O-O-O 14. Be2
h5 15. h4 Kb8 16. Bf3 Rc8 17. Rhe1 Rc7 18. Ne2 Ba4 19. Nc3 Bc6 20. a3 Qe5 21.
Qd3 Bd7 22. Qd2 Bf8 23. Re2 Qg3 24. Qe1 Qxe1 25. Rexe1 Rc5 26. Ne2 exf5 27. Ng3
f4 28. Ne2 f5 29. Nxf4 fxe4 30. Rxe4 Bc6 31. Nd5 Bd7 32. b4 Rc6 33. Nf6 Be6 34.
Nxh5 Rc3 35. Rd3 Rxd3 36. cxd3 Bh6 37. Re2 Rc8 38. Rc2 Rh8 39. Re2 Rc8 40. Rc2
Rh8 1/2-1/2

[Event "Reykjavik Open 2026"]
[Site "Reykjavik ISL"]
[Date "2026.03.27"]
[Round "4.34"]
[White "Kjartansson, Gudmundur"]
[Black "Zhang, Xiao"]
[Result "1/2-1/2"]
[WhiteTitle "GM"]
[BlackTitle "WIM"]
[WhiteElo "2416"]
[BlackElo "2164"]
[WhiteFideId "2301318"]
[BlackFideId "8610894"]
[EventDate "2026.03.25"]

1. d4 d5 2. c4 e6 3. Nc3 c5 4. cxd5 exd5 5. Nf3 Nc6 6. dxc5 d4 7. Na4 Bxc5 8.
Nxc5 Qa5+ 9. Bd2 Qxc5 10. e3 dxe3 11. Bxe3 Qb4+ 12. Qd2 Qxd2+ 13. Nxd2 Nge7 14.
Bc4 O-O 15. O-O Bf5 16. Nf3 Rac8 17. Rac1 Rfd8 18. Rfe1 h6 19. a3 Nd5 20. Bd2
Nb6 21. Be2 Be4 22. Be3 Nd5 23. Bd2 Nb6 24. Be3 Nd5 25. h3 Nxe3 26. fxe3 Bd3 27.
Rc3 Bxe2 28. Rxe2 Rd1+ 29. Kf2 Rcd8 30. Rec2 Kf8 31. Rc1 Rxc1 32. Rxc1 Ke7 33.
Ke2 Rd7 34. b4 a6 35. Nd2 Ne5 36. Rc8 Rd8 37. Rc5 Nd7 38. Rc7 Kd6 39. Rc3 Ke7
40. Nb3 Ne5 41. Na5 b6 42. Nb3 Kd7 43. Nd4 g6 44. Nf3 Nxf3 45. gxf3 Re8 46. Rd3+
Kc7 47. a4 Re5 48. Rd4 Kc6 49. Rh4 h5 50. Rc4+ Kd7 51. Rd4+ Ke7 52. f4 Re6 53.
Rc4 Kd7 54. e4 b5 55. Rd4+ Ke7 56. axb5 axb5 57. Kf3 Ra6 58. Rd5 Ra3+ 59. Kf2
Rxh3 60. Rxb5 Rb3 61. Rb6 Kf8 62. e5 Kg7 63. Rb7 Kg8 64. Rb6 Kg7 65. Rb7 Kg8 66.
Rb6 1/2-1/2

[Event "Reykjavik Open 2026"]
[Site "Reykjavik ISL"]
[Date "2026.03.27"]
[Round "4.35"]
[White "Marie, Maxime"]
[Black "Kurmann, Oliver"]
[Result "0-1"]
[WhiteTitle "CM"]
[BlackTitle "IM"]
[WhiteElo "2193"]
[BlackElo "2382"]
[WhiteFideId "625590"]
[BlackFideId "1308173"]
[EventDate "2026.03.25"]

1. e4 c5 2. Nf3 e6 3. c3 Nf6 4. e5 Nd5 5. a3 d6 6. d4 cxd4 7. c4 Ne7 8. exd6
Qxd6 9. Qxd4 Ng6 10. Nc3 Nc6 11. Qe4 Be7 12. Be3 O-O 13. Rd1 Qb8 14. h4 f5 15.
Qc2 Nge5 16. Be2 Ng4 17. Bc1 Bc5 18. Rf1 h6 19. b4 Be7 20. g3 a5 21. b5 Nce5 22.
Nd4 Nf6 23. b6 a4 24. Ndb5 Bd7 25. Nc7 Ra5 26. f4 Neg4 27. Rxd7 Nxd7 28. Nxe6
Rf6 29. Nd4 Nxb6 30. Nxf5 Raxf5 31. Bxg4 Ra5 32. Ne4 Rc6 33. Bd2 Rb5 34. c5 Bxc5
35. Qa2+ Kh8 36. Kd1 Rb3 37. Rf3 Qg8 38. Qa1 Qd5 39. Nc3 Qd4 40. Re3 Nc4 41.
Re8+ Kh7 42. Qc1 Nb2+ 0-1

[Event "Reykjavik Open 2026"]
[Site "Reykjavik ISL"]
[Date "2026.03.27"]
[Round "4.36"]
[White "Belkaid, Sohan"]
[Black "Bartczak, Korneliusz"]
[Result "1-0"]
[WhiteTitle "FM"]
[WhiteElo "2379"]
[BlackElo "2120"]
[WhiteFideId "45180350"]
[BlackFideId "2523558"]
[EventDate "2026.03.25"]

1. e4 e5 2. Nf3 Nc6 3. Bc4 Nf6 4. d3 Bc5 5. Bg5 h6 6. Bh4 g5 7. Bg3 d6 8. c3 a6
9. a4 Ba7 10. Nbd2 Qe7 11. b4 Nh7 12. Bd5 Be6 13. O-O h5 14. h4 g4 15. Nh2 Nd8
16. d4 exd4 17. Nc4 O-O 18. cxd4 Bxd5 19. exd5 f5 20. Qd2 Qg7 21. Rad1 Nf6 22.
Ne3 Ne4 23. Qd3 Qg6 24. Bf4 Nf7 25. Kh1 Rae8 26. f3 Nf6 27. fxg4 hxg4 28. Qxf5
Qxf5 29. Nxf5 Nxd5 30. Nxg4 Re4 31. g3 Nd8 32. Bg5 Ne6 33. Bh6 Rf7 34. Nf2 Re2
35. Nh3 Nxd4 36. Nxd4 Rxf1+ 37. Rxf1 Bxd4 38. Rd1 c5 39. Nf4 Nxf4 40. Bxf4 Re6
41. a5 Bc3 42. bxc5 dxc5 43. Rd8+ Kf7 44. Rb8 Re7 45. Bd6 Rd7 46. Bxc5 Bxa5 47.
g4 Bd2 48. Kg2 a5 49. Kf3 a4 50. Ke4 Bc1 51. Ra8 b5 52. Rb8 Rd1 53. Rxb5 Re1+
54. Kd5 Rh1 55. Rb7+ Kg8 56. h5 Rh4 57. Rb8+ Kf7 58. Rb7+ Kg8 59. Rb4 a3 60. Ra4
a2 61. Ke6 Bb2 62. Rxa2 Rxg4 63. Rxb2 Rg5 64. Bd4 Rxh5 65. Rb8+ Kh7 66. Kf7 Kh6
67. Bf6 1-0

[Event "Reykjavik Open 2026"]
[Site "Reykjavik ISL"]
[Date "2026.03.27"]
[Round "4.37"]
[White "Zhang, Jiabao"]
[Black "Thorfinnsson, Bragi"]
[Result "1/2-1/2"]
[BlackTitle "GM"]
[WhiteElo "2184"]
[BlackElo "2377"]
[WhiteFideId "8606560"]
[BlackFideId "2300958"]
[EventDate "2026.03.25"]

1. e4 c5 2. Nf3 Nc6 3. d4 cxd4 4. Nxd4 Qb6 5. Nb3 e6 6. Be3 Qc7 7. Nc3 a6 8. Be2
Nf6 9. f4 d6 10. a4 b6 11. Bf3 Bb7 12. O-O Be7 13. Qe1 O-O 14. Qg3 Nd7 15. Rad1
Bf6 16. Rd2 Na5 17. Nxa5 bxa5 18. e5 dxe5 19. Bxb7 Qxb7 20. fxe5 Bxe5 21. Rxd7
Qxd7 22. Qxe5 Rab8 23. Rd1 Qc8 24. Bc5 f6 25. Qd4 Rd8 26. Qxd8+ Qxd8 27. Rxd8+
Rxd8 28. Be3 e5 29. Kf1 Rb8 30. Nd1 Rc8 31. c3 Rc4 32. b3 Rc8 33. b4 Kf7 34. Ke2
axb4 35. cxb4 Rc4 36. Bd2 Ke6 37. Ne3 Rc8 38. Nd1 f5 39. g3 Kd5 40. Ke3 g5 41.
Kd3 e4+ 42. Ke2 h6 43. Ne3+ Ke5 44. b5 axb5 45. axb5 f4 46. gxf4+ gxf4 47. Ng4+
Ke6 48. Nxh6 e3 49. Bxe3 1/2-1/2

[Event "Reykjavik Open 2026"]
[Site "Reykjavik ISL"]
[Date "2026.03.27"]
[Round "4.38"]
[White "Tsatsalashvili, Keti"]
[Black "Scotti, Martin"]
[Result "1-0"]
[WhiteTitle "WGM"]
[WhiteElo "2305"]
[BlackElo "1943"]
[WhiteFideId "13603434"]
[BlackFideId "551035065"]
[EventDate "2026.03.25"]

1. Nf3 d5 2. b3 Bg4 3. Bb2 Bxf3 4. gxf3 Nf6 5. e3 c5 6. d3 Nc6 7. f4 g6 8. Nd2
Bg7 9. h4 Nh5 10. Bxg7 Nxg7 11. a3 h5 12. c4 d4 13. Ne4 dxe3 14. fxe3 Nf5 15.
Qd2 Qa5 16. Rh3 Qxd2+ 17. Kxd2 b6 18. Bg2 Rc8 19. Kc3 a5 20. Kc2 O-O 21. Nc3 Nb8
22. Nd5 Nd7 23. Be4 Rce8 24. Bxf5 gxf5 25. Rg3+ Kh7 26. Rag1 e6 27. Rg7+ Kh6 28.
Nc7 Re7 29. R1g6+ fxg6 30. Rxe7 Nf6 31. Rxe6 Ng4 32. Nd5 Rb8 33. Ne7 1-0

[Event "Reykjavik Open 2026"]
[Site "Reykjavik ISL"]
[Date "2026.03.27"]
[Round "4.39"]
[White "Sivanandan, Bodhana"]
[Black "Sayce, Hannah"]
[Result "1-0"]
[WhiteTitle "WIM"]
[BlackTitle "WCM"]
[WhiteElo "2268"]
[BlackElo "1889"]
[WhiteFideId "497592"]
[BlackFideId "3250695"]
[EventDate "2026.03.25"]

1. e4 c5 2. Nf3 d6 3. Bb5+ Nd7 4. O-O a6 5. Bxd7+ Bxd7 6. d4 cxd4 7. Qxd4 e5 8.
Qd3 Rc8 9. a4 h6 10. c4 Nf6 11. Nc3 Be7 12. b3 O-O 13. Ba3 Be6 14. Rfd1 Qa5 15.
Nd2 Rfd8 16. Nf1 Bg4 17. Rdc1 Be6 18. Ne3 Bf8 19. Rd1 Qb6 20. Qc2 Qc6 21. a5 d5
22. Bxf8 Kxf8 23. exd5 Bxd5 24. Qf5 Be6 25. Qxe5 Rxd1+ 26. Rxd1 b5 27. Ne2 Nd7
28. Qc3 Qe4 29. Qd4 Qxd4 30. Nxd4 Nc5 31. b4 Ne4 32. cxb5 Nc3 33. Rc1 axb5 34.
Nd1 Bc4 35. Nxc3 1-0

[Event "Reykjavik Open 2026"]
[Site "Reykjavik ISL"]
[Date "2026.03.27"]
[Round "4.40"]
[White "De Winter, Eric"]
[Black "Kadovic, Tamara"]
[Result "1/2-1/2"]
[WhiteElo "1761"]
[BlackElo "1602"]
[WhiteFideId "1033069"]
[BlackFideId "16512065"]
[EventDate "2026.03.25"]

1. f4 d5 2. Nf3 Nc6 3. e3 Bg4 4. Be2 Nf6 5. b3 g6 6. Bb2 Bg7 7. O-O O-O 8. d3
Re8 9. Nbd2 Qd6 10. h3 Bf5 11. Nh4 Bd7 12. Ndf3 Nh5 13. Bxg7 Nxg7 14. Nd2 e5 15.
fxe5 Qxe5 16. e4 Nb4 17. Bg4 Bc6 18. a3 Na6 19. Ndf3 Qd6 20. e5 Qe7 21. Qd2 h5
22. Ng5 hxg4 23. Rxf7 Qxe5 24. Nxg6 Qxa1+ 25. Kh2 Qxa3 26. b4 Qxb4 27. Qxb4 Nxb4
28. Rf8+ Rxf8 29. Ne7+ Kh8 30. Ng6+ Kg8 31. Ne7+ 1/2-1/2

[Event "Reykjavik Open 2026"]
[Site "Reykjavik ISL"]
[Date "2026.03.27"]
[Round "4.41"]
[White "Mahalakshmi, M"]
[Black "Williams, Simon K"]
[Result "0-1"]
[WhiteTitle "WIM"]
[BlackTitle "GM"]
[WhiteElo "2232"]
[BlackElo "2443"]
[WhiteFideId "5001080"]
[BlackFideId "404454"]
[EventDate "2026.03.25"]

1. d4 e6 2. c4 f5 3. g3 Nf6 4. Bg2 d5 5. Nf3 Bd6 6. O-O O-O 7. b3 Ne4 8. c5 Be7
9. Ne5 Bf6 10. b4 b6 11. f3 Ng5 12. Bb2 Qe8 13. Qc2 Nf7 14. e4 Ba6 15. Re1 Bxe5
16. dxe5 fxe4 17. fxe4 Nc6 18. a3 d4 19. Nd2 Nfxe5 20. Qa4 Qf7 21. Qxa6 Qf2+ 22.
Kh1 Qxd2 23. Re2 Qh6 24. Qa4 d3 25. Ree1 Rf2 26. Bc3 Nf3 27. h3 Qxh3+ 28. Bxh3
Rh2# 0-1

[Event "Reykjavik Open 2026"]
[Site "Reykjavik ISL"]
[Date "2026.03.27"]
[Round "4.42"]
[White "Aoun, Karim"]
[Black "Perchard, Matthew"]
[Result "0-1"]
[WhiteElo "1607"]
[BlackElo "1787"]
[WhiteFideId "5314216"]
[BlackFideId "343404235"]
[EventDate "2026.03.25"]

1. e4 e6 2. b3 d5 3. Bb2 Nf6 4. e5 Nfd7 5. d4 c5 6. c3 Nc6 7. Bb5 cxd4 8. cxd4
Qb6 9. Qd3 Bb4+ 10. Nd2 Bxd2+ 11. Kxd2 a6 12. Bxc6 bxc6 13. a4 a5 14. f4 Ba6 15.
Qg3 O-O 16. Ne2 Rab8 17. Ba3 Bxe2 18. Bxf8 Qxd4+ 19. Kxe2 Qb2+ 20. Kd1 Qxa1+ 21.
Kc2 Qa2+ 22. Kc1 Nxf8 0-1

[Event "Reykjavik Open 2026"]
[Site "Reykjavik ISL"]
[Date "2026.03.27"]
[Round "4.43"]
[White "Ragnarsson, Dagur"]
[Black "Erdmann, Stefan"]
[Result "1-0"]
[WhiteTitle "IM"]
[WhiteElo "2376"]
[BlackElo "2097"]
[WhiteFideId "2304058"]
[BlackFideId "4663470"]
[EventDate "2026.03.25"]

1. d4 d5 2. c4 c6 3. cxd5 cxd5 4. Nc3 Nf6 5. Nf3 Nc6 6. Bf4 Bf5 7. e3 e6 8. Ne5
Be7 9. Bb5 Qb6 10. O-O O-O 11. Bxc6 bxc6 12. Na4 Qa6 13. Rc1 Rac8 14. a3 Rfd8
15. b4 Nd7 16. Nxd7 Rxd7 17. Rc3 Qb5 18. Nc5 Bxc5 19. Rxc5 Qb7 20. Qb3 f6 21.
Rfc1 a6 22. a4 g5 23. Bg3 h5 24. f3 h4 25. Be1 Qb6 26. e4 Bg6 27. Qe3 dxe4 28.
fxe4 Qd8 29. Bf2 Rd6 30. b5 axb5 31. axb5 Be8 32. e5 Rd5 33. exf6 Qxf6 34. bxc6
Rxc5 35. Rxc5 Rxc6 36. Rxg5+ Bg6 37. Bxh4 Qf7 38. h3 Kh7 39. Bg3 Rb6 40. Kh2 Rb2
41. Rg4 Qf5 42. Be5 Ra2 43. Qg3 Rd2 44. Qh4+ 1-0

[Event "Reykjavik Open 2026"]
[Site "Reykjavik ISL"]
[Date "2026.03.27"]
[Round "4.44"]
[White "Li, Harry"]
[Black "Tang, Zoey"]
[Result "0-1"]
[BlackTitle "FM"]
[WhiteElo "2181"]
[BlackElo "2366"]
[WhiteFideId "430145"]
[BlackFideId "30952530"]
[EventDate "2026.03.25"]

1. e4 c5 2. Nf3 e6 3. d4 cxd4 4. Nxd4 Nc6 5. Nc3 Qc7 6. Be3 a6 7. g4 Nxd4 8.
Qxd4 b5 9. O-O-O Bb7 10. f3 Nf6 11. g5 Nh5 12. Qd2 Bb4 13. a3 Bxc3 14. bxc3 O-O
15. c4 bxc4 16. Qxd7 Qa5 17. Qe7 Qc3 18. Bd4 Qxf3 19. Bxc4 Qf4+ 20. Rd2 Qxe4 21.
Rf1 Rae8 22. Qb4 a5 23. Qb5 Bd5 24. Bd3 Qh4 25. Bc5 Rb8 26. Qxa5 Rfc8 27. Be3
Ba2 28. c3 Ra8 29. Qe5 Rxa3 30. Bd4 Bd5 31. Rb2 Raa8 32. Be2 f6 33. gxf6 Nxf6
34. Bd3 Ra1+ 35. Rb1 Qh6+ 36. Be3 Rxb1+ 37. Kxb1 Ng4 38. Qxd5 Rb8+ 39. Ka1 Nxe3
40. Bxh7+ Kxh7 41. Qe4+ Nf5 42. Rb1 Rxb1+ 43. Kxb1 Qe3 44. Qc6 Qg1+ 0-1

[Event "Reykjavik Open 2026"]
[Site "Reykjavik ISL"]
[Date "2026.03.27"]
[Round "4.45"]
[White "Domalchuk-Jonasson, Aleksandr"]
[Black "Marsh, James J"]
[Result "1-0"]
[WhiteTitle "IM"]
[WhiteElo "2362"]
[BlackElo "2096"]
[WhiteFideId "14142805"]
[BlackFideId "30975751"]
[EventDate "2026.03.25"]

1. c4 e6 2. Nf3 d5 3. g3 Nf6 4. Bg2 dxc4 5. Qa4+ c6 6. Qxc4 b5 7. Qc2 Bb7 8. d4
Nbd7 9. Nc3 c5 10. dxc5 Bxc5 11. O-O Rc8 12. a3 O-O 13. e3 Be7 14. Rd1 Qc7 15.
Bd2 Ne5 16. Nxe5 Bxg2 17. Kxg2 Qxe5 18. Qb3 a6 19. Be1 Rc4 20. a4 Rb4 21. Qc2 h5
22. axb5 axb5 23. h4 Rc8 24. Ra7 Qc5 25. Rxe7 Kf8 26. Rxf7+ Kxf7 27. Qe2 Qc4 28.
Qd2 Qc6+ 29. Kg1 Rc4 30. Qd3 b4 31. Ne2 Qd5 32. Nd4 Qe4 33. Nb5 Qxd3 34. Rxd3
Ne8 35. Kg2 Rb8 36. Nd4 Rc1 37. Bd2 Rc4 38. Nf3 Rb5 39. b3 Rcc5 40. Rd4 Rd5 41.
Rf4+ Rf5 42. Rc4 Rb7 43. Ng5+ Ke7 44. Re4 Nc7 45. Bxb4+ Kd7 46. Bc3 g6 47. b4
Ke7 48. Be5 Nd5 49. Bd4 Nc7 50. Bc5+ Kd7 51. Rc4 Rd5 52. e4 Rd1 53. Nf7 Kc6 54.
Ne5+ Kb5 55. Rc2 Na6 56. Nxg6 Re1 57. Be3 Nxb4 58. Rc5+ Ka6 59. Rxh5 Nc2 60. Bc5
Rxe4 61. Bd6 Rd7 62. Bf4 Ne1+ 63. Kh3 Nd3 64. Be3 Rf7 65. Kg2 Ne1+ 66. Kh3 Nd3
67. Nf4 Nxf4+ 68. Bxf4 Rfxf4 69. gxf4 Rxf4 70. Kg3 Re4 71. Rh8 Kb6 72. h5 Re1
73. h6 Rh1 74. Kf4 Kc7 75. Ke5 Rh5+ 76. Kxe6 Rh4 77. f4 Rxf4 78. h7 Rh4 79. Ra8
Rh6+ 80. Kf5 1-0

[Event "Reykjavik Open 2026"]
[Site "Reykjavik ISL"]
[Date "2026.03.27"]
[Round "4.46"]
[White "Bech, Havard Eriksen"]
[Black "Papasimakopoulos, Alexandros"]
[Result "0-1"]
[BlackTitle "IM"]
[WhiteElo "2161"]
[BlackElo "2360"]
[WhiteFideId "1564684"]
[BlackFideId "4244125"]
[EventDate "2026.03.25"]

1. d4 d5 2. c4 e6 3. Nf3 c6 4. e3 Bd6 5. Bd3 Nf6 6. Nbd2 Nbd7 7. O-O O-O 8. e4
dxe4 9. Nxe4 Nxe4 10. Bxe4 h6 11. b3 Nf6 12. Bc2 c5 13. Bb2 b6 14. dxc5 Bxc5 15.
Qe2 Bb7 16. Rfd1 Qc7 17. Qe5 Bxf2+ 18. Kh1 Qxe5 19. Nxe5 Rfd8 20. Rxd8+ Rxd8 21.
Rd1 Rxd1+ 22. Bxd1 Ne4 23. Bf3 f6 24. Nd3 Be3 25. Bc1 Bxc1 26. Nxc1 Nd6 27. Bxb7
Nxb7 28. b4 Kf7 29. Nd3 e5 30. Kg1 e4 31. Nb2 Ke6 32. Kf2 Ke5 33. Ke3 f5 34. g3
g5 0-1

[Event "Reykjavik Open 2026"]
[Site "Reykjavik ISL"]
[Date "2026.03.27"]
[Round "4.47"]
[White "Jakubek, Peter"]
[Black "Ajay Krishna, S"]
[Result "0-1"]
[BlackTitle "IM"]
[WhiteElo "2098"]
[BlackElo "2354"]
[WhiteFideId "14901048"]
[BlackFideId "5096430"]
[EventDate "2026.03.25"]

1. d4 Nf6 2. Bg5 d5 3. Bxf6 gxf6 4. e3 c5 5. Nf3 Nc6 6. c4 cxd4 7. exd4 Bg4 8.
Be2 dxc4 9. Nbd2 Bxf3 10. Nxf3 Qa5+ 11. Kf1 O-O-O 12. Bxc4 e6 13. Qc1 f5 14. g3
Bg7 15. d5 exd5 16. Bd3 Qb4 17. Rb1 f4 18. a3 Qd6 19. Qxf4 Qxf4 20. gxf4 f6 21.
Bb5 Bh6 22. Bxc6 bxc6 23. Nd4 Kd7 24. f5 Rde8 25. Ne6 Rhg8 26. Ke2 Rg5 27. Kd3
Rxf5 28. Nc5+ Kd6 0-1